| 000 | 01172nac a22003017a 4500 | ||
|---|---|---|---|
| 001 | BR8302114 | ||
| 003 | BR-BrBNA | ||
| 005 | 20240105115707.0 | ||
| 008 | 230509b bl.|||m| |||| 00| 0 por d | ||
| 040 |
_aBR-BrBNA _bpor _cBiblioteca Nacional de Agricultura |
||
| 072 | _aE15; F00 | ||
| 090 | _a0430 BR8302114 | ||
| 100 | 1 | _aBraga Sobrinho, R. | |
| 100 | 1 | _aBarreto Neto, M. | |
| 100 | 1 | _aFreire, E.C. | |
| 110 | 1 |
_aCentro Nacional de Pesquisa do Algodao, Campina Grande, PB (Brasil) _91702 |
|
| 111 | 1 |
_a1. Congresso Brasileiro de Sementes _cCuritiba, PR (Brazil) _d1979 |
|
| 245 | 1 | _aLevantamento e avaliacao da qualidade de sementes de algodao, Gossypium hirsutum L. distribuidas aos agricultores de alguns estados do nordeste do Brasil | |
| 260 | 3 |
_aBrasilia, DF (Brasil): _bEmpresa Brasileira de Pesquisa Agropecuaria. Depto. de Informacao e Documentacao, _c1982. |
|
| 300 | _a10 p. | ||
| 490 |
_aDocumentos - Centro Nacional de Pesquisa do Algodao (Brazil) _vno. 11 _x |
||
| 650 | _aALGODAO | ||
| 650 | _aSEMENTE | ||
| 650 | _aPRODUTIVIDADE | ||
| 650 | _aREGIAO NORDESTE | ||
| 909 |
_a202312 _bLúcia Elande _c55 _dLúcia Elande |
||
| 942 |
_2AGRIS _n0 _cMS |
||
| 999 |
_c275944 _d275944 |
||